BUSINESS STATISTICS (Record no. 16285)

MARC details
000 -LEADER
fixed length control field 00275nam a22001337a 4500
003 - CONTROL NUMBER IDENTIFIER
control field SGT
020 ## - INTERNATIONAL STANDARD BOOK NUMBER
International Standard Book Number 9789351610120
082 ## - DEWEY DECIMAL CLASSIFICATION NUMBER
Classification number 519
Item number GUP
100 ## - MAIN ENTRY--PERSONAL NAME
Personal name GUPTA S.P
245 ## - TITLE STATEMENT
Title BUSINESS STATISTICS
260 ## - PUBLICATION, DISTRIBUTION, ETC. (IMPRINT)
Name of publisher, distributor, etc SULTAN CHAND
Year of Publication 2018
300 ## - PAGE DESCRIPTION
No. of Pages 798
942 ## - ADDED ENTRY ELEMENTS (KOHA)
Source of classification or shelving scheme Dewey Decimal Classification
Koha item type Books
942 ## - ADDED ENTRY ELEMENTS (KOHA)
-- 117
Holdings
Withdrawn status Lost status Source of classification or shelving scheme Damaged status Not for loan Collection code Home library Current library Shelving location Date acquired Vendor Name Cost, normal purchase price SGTU Bill Number Total Checkouts Full call number Accession No. (Barcode) Checked out Date last seen Date last borrowed Bill Date Koha item type Total Renewals
    Dewey Decimal Classification     COMMERCE MANAGEMENT SGT Science & Social Sciences Library SGT Science & Social Sciences Library Text Book 12/12/2018 KIRTI PRAKSHAN 490.00 SGTU IN1748 52 519 GUP CM4988 13/04/2026 14/03/2026 14/03/2026   Books  
    Dewey Decimal Classification     COMMERCE MANAGEMENT SGT Science & Social Sciences Library SGT Science & Social Sciences Library Text Book 12/12/2018 KIRTI PRAKSHAN 490.00 SGTU IN1748 44 519 GUP CM4989   13/06/2025 29/05/2025   Books  
    Dewey Decimal Classification     COMMERCE MANAGEMENT SGT Science & Social Sciences Library SGT Science & Social Sciences Library Text Book 12/12/2018 KIRTI PRAKSHAN 490.00 SGTU IN1748 52 519 GUP CM4990   22/04/2025 22/04/2025   Books  
    Dewey Decimal Classification     COMMERCE MANAGEMENT SGT Science & Social Sciences Library SGT Science & Social Sciences Library Text Book 12/12/2018 KIRTI PRAKSHAN 490.00 SGTU IN1748 44 519 GUP CM4991   11/03/2026 24/02/2026   Books 1